000
00269nam a22001217a 4500
008
170613b xxu||||| |||| 00| 0 eng d
041
_a
eng
080
_2
3RD
_a
32
100
_a
19
101
_a
SHP
245
_a
GREAT POLITICAL THINKERS
_c
EBENSTEIN,W
942
_2
udc
_c
BK
999
_c
17135
_d
17135